000 00488cam a2200181 4500
001 D13043
008 090401t1894 xxu||||| |||| 00| 0 eng d
035 _a(Sirsi) u7447
041 _aeng
100 _aHurst, John Thomas
245 2 _aA handbook of formulae, tables and memoranda for architectural surveyors, and others engaged in building
250 _a14th
260 _aLondon
_bE and F N Spon
_c1894
350 _a0
520 _aShelf 117
942 _n0
948 _c04/03/1997
999 _c86418
_d86418